ទំរនិងការបញ្ចូនពត៌មានសេនេទិច (Record no. 8849)

000 -LEADER
fixed length control field 00307nam a22001217a 4500
040 ## - CATALOGING SOURCE
Transcribing agency HS
082 ## - DEWEY DECIMAL CLASSIFICATION NUMBER
Classification number 570
100 ## - MAIN ENTRY--AUTHOR NAME
Personal name DUK CHHENG
245 ## - TITLE STATEMENT
Title ទំរនិងការបញ្ចូនពត៌មានសេនេទិច
260 ## - PUBLICATION, DISTRIBUTION, ETC. (IMPRINT)
Place of publication RUA
Name of publisher ឌុក ឆេង
Year of publication 1994
300 ## - PHYSICAL DESCRIPTION
Number of Pages 24p;
942 ## - ADDED ENTRY ELEMENTS (KOHA)
Koha item type សៀវភៅភាសាខ្មែរ
952 ## - LOCATION AND ITEM INFORMATION (KOHA)
Withdrawn status [LOCAL, KOHA] 0
952 ## - LOCATION AND ITEM INFORMATION (KOHA)
Withdrawn status [LOCAL, KOHA] 0
952 ## - LOCATION AND ITEM INFORMATION (KOHA)
Withdrawn status [LOCAL, KOHA] 0
952 ## - LOCATION AND ITEM INFORMATION (KOHA)
Withdrawn status [LOCAL, KOHA] 0
952 ## - LOCATION AND ITEM INFORMATION (KOHA)
Withdrawn status [LOCAL, KOHA] 0
952 ## - LOCATION AND ITEM INFORMATION (KOHA)
Withdrawn status [LOCAL, KOHA] 0
952 ## - LOCATION AND ITEM INFORMATION (KOHA)
Withdrawn status [LOCAL, KOHA] 0
952 ## - LOCATION AND ITEM INFORMATION (KOHA)
Withdrawn status [LOCAL, KOHA] 0
Holdings
Permanent Location Date acquired Koha item type Lost status Shelving location Barcode Current Location Full call number
Library Block C2016-08-18សៀវភៅភាសាខ្មែរ C164RUA41936Library Block C570 ឌុក 1994 C164
Library Block C2016-08-18សៀវភៅភាសាខ្មែរ C164RUA042814Library Block C570 ឌុក 1994 C164
Library Block C2016-08-18សៀវភៅភាសាខ្មែរ  RUA061593Library Block C570 ឌុក 1994
Library Block C2016-08-18សៀវភៅភាសាខ្មែរ C162RUA43860Library Block C570 ឌុក 1994 C162
Library Block C2016-08-18សៀវភៅភាសាខ្មែរ C162RUA046079Library Block C570 ឌុក 1994 C162
Library Block C2016-08-18សៀវភៅភាសាខ្មែរ  RUA047796Library Block C570 ឌុក 1994
Library Block C2016-09-01សៀវភៅភាសាខ្មែរ C165RUA045966Library Block C570 ឌុក 1994 C165
Library Block C2016-09-02សៀវភៅភាសាខ្មែរ C175RUA042272Library Block C570 ឌុក 1994 C175
មជ្ឈមណ្ឌលឯការនៃសាកលវិទ្យាល័យភូមិន្ទកសិកម្មចំការដូង

Powered by Koha